Kĩ thuật kí sinh trùng học y học
Wedi'i Gadw mewn:
| Prif Awdur: | |
|---|---|
| Fformat: | Llyfr |
| Iaith: | Undetermined |
| Cyhoeddwyd: |
Hà Nội
Học viện Quân Y Hà Nội
1974
|
| Pynciau: | |
| Tagiau: |
Ychwanegu Tag
Dim Tagiau, Byddwch y cyntaf i dagio'r cofnod hwn!
|
| Thư viện lưu trữ: | Trung tâm Học liệu Trường Đại học Cần Thơ |
|---|
| LEADER | 00539nam a2200169Ia 4500 | ||
|---|---|---|---|
| 001 | CTU_17229 | ||
| 008 | 210402s9999 xx 000 0 und d | ||
| 082 | |a 616.96 | ||
| 082 | |b Th103 | ||
| 100 | |a Đỗ Dương Thái | ||
| 245 | 0 | |a Kĩ thuật kí sinh trùng học y học | |
| 245 | 0 | |c Đỗ Dương Thái, Vi Kim Ngọc, Vũ Văn Phong | |
| 260 | |a Hà Nội | ||
| 260 | |b Học viện Quân Y Hà Nội | ||
| 260 | |c 1974 | ||
| 650 | |a parasitology | ||
| 980 | |a Trung tâm Học liệu Trường Đại học Cần Thơ | ||